LEADER 01068nam a2200229 i 4500 001 000000118243 003 CaOOAMICUS 005 20030924000000.0 008 030924n it u000 u ita u 013 $a90936 040 $aSeMil$bita 100 1 $aCentro Studi Sanguis Christi.$0(OLS)http://semarc/name/4216 245 10$a[Vol. 2]. 490 0 $aSangue e antropologia 700 1 $aVattioni, Francesco,$d<1922-1995>.$0(OLS)http://semarc/name/4217 700 1 $aSettimana di studi Sangue e antropologia nella liturgia <4. ; 1983; Roma>.$0(OLS)http://semarc/name/4903 773 0 $aSettimana di studi Sangue e antropologia nella liturgia <4. ; 1983; Roma>$tAtti della 4. settimana Sangue e antropologia nella liturgia.$dRoma : Pia Unione del Preziosissimo Sangue, 1984.$g2$w()9997 830 0$aSangue e antropologia.$0(OLS)http://semarc/title/13213 850 $aSeMil 852 $aSeMil$W1$xVenegono$y1$m2D III 174/2$j73563$B73563$CSeMilBibl$Z2$F77515 $81 961 $aOmaggio: Martini Card. Carlo Maria 996 $6245$a[Vol. 2]$9(OLS)http://semarc/title/125672 LEADER 00515nab a2200145 i 4500 001 000000284187 003 CaOOAMICUS 005 20180831165251.0 008 180831n xx uu u0 0und r 013 $a37465 040 $aSeMil$bita 245 12$aL'Ordine Sacro. - 16 p. - Titolo dalla copertina. 500 $aSuppl. al n. 7, marzo 1997. 773 0 $t[Celebrarecomeperché/2] Celebrare i Sacramenti.$dBologna : EDB, 1997.$w()238801 996 $6245$aL'Ordine Sacro. - 16 p. - Titolo dalla copertina$9(OLS)http://semarc/title/365546